00291nam a2200097Ia 4500008004100000020001800041100002100059245006500080260002900145300001900174180219s9999 xx 000 0 und d a9781455742141 aLarson, Donna L. aClinical chemistry :bfundamentals and laboratory techniques aCanada :bElsevierc2017 avii, 719 pages